Optimization--theory and applications : problems with ordinary differential equations /

Guardado en:
Autor Principal: Cesari, Lamberto.
Formato: Libro
Idioma:English
Publicado: New York : Springer-Verlag, c1983.
Series:Applications of mathematics ; 17
Materias:
Etiquetas: Agregar Etiqueta
Sin Etiquetas, Sea el primero en etiquetar este registro!
LEADER 00840pam a2200241 a 4500
001 MAT.inmabb003542
008 820420s1983####nyua#####b####001#0#eng##
005 20130309104229.0
245 1 0 |a Optimization--theory and applications :  |b problems with ordinary differential equations /  |c Lamberto Cesari. 
260 |a New York :  |b Springer-Verlag,  |c c1983. 
300 |a xiv, 542 p. :  |b il. ;  |c 25 cm. 
440 0 |a Applications of mathematics ;  |v 17 
504 |a Incluye referencias bibliográficas (p. 523-535) e índices. 
510 4 |a MR,  |c 85c:49001 
020 |a 0387906762 
100 1 |a Cesari, Lamberto. 
650 0 |a Calculus of variations. 
650 0 |a Mathematical optimization. 
650 0 |a Differential equations. 
084 |a 49-01  |2 msc2000 
010 |a  82005776  
040 |a DLC  |c DLC  |d DLC 
859 |h 49  |i C421  |p A-6094  |b BIB. MATEMATICA